000 00375nam a2200133Ia 4500
008 151001s9999||||xx |||||||||||||| ||und||
100 _aभानुप्रताप शुक्ल
245 _aसमर्पण
250 _a1
260 _bभारतीय प्रकाशन संस्था
260 _c1992
300 _a127
365 _b21
999 _c979362
_d979359